Income Inequality: Social and Real Convergence in the EU Member Countries
Analýza faktorov, ktoré prispeli k vývoju nerovnosti príjmov, nízkej úrovne produktivity a zníženiu procesu konvergencie v členských krajinách EÚ/eurozóny. Návrhy týkajúce sa trvalo udržateľného rozvoja v oblasti jednotnej meny.
Gespeichert in:
| 1. Verfasser: | |
|---|---|
| Weitere Verfasser: | |
| Format: | Buchkapitel |
| Sprache: | Englisch |
| Schlagworte: | |
| Tags: |
Keine Tags, Fügen Sie das erste Tag hinzu!
|
MARC
| LEADER | 00000naa$a2200000$$$4500 | ||
|---|---|---|---|
| 001 | 0249740 | ||
| 005 | 20240502083711.7 | ||
| 041 | 0 | |a eng | |
| 044 | |a CZ | ||
| 245 | 1 | 0 | |a Income Inequality: Social and Real Convergence in the EU Member Countries |c Juraj Sipko, Ľubica Sipková |
| 520 | |a Analýza faktorov, ktoré prispeli k vývoju nerovnosti príjmov, nízkej úrovne produktivity a zníženiu procesu konvergencie v členských krajinách EÚ/eurozóny. Návrhy týkajúce sa trvalo udržateľného rozvoja v oblasti jednotnej meny. | ||
| 610 | 2 | 0 | |a eurozóna |
| 610 | 2 | 0 | |a Európska únia |
| 610 | 2 | 0 | |a konkurencia |
| 610 | 2 | 0 | |a konkurencieschopnosť |
| 610 | 2 | 0 | |a konvergencia |
| 610 | 2 | 0 | |a rozvoj trvalo udržateľný |
| 610 | 2 | 0 | |a nerovnosť príjmová |
| 100 | 1 | |a Sipko, Juraj | |
| 700 | 1 | |a Sipková, Ľubica, 1962- | |